10 capitales par population - Statistiques

Statistiques générales
  • Ce quiz a été pris 59 fois
  • Le résultat moyen est 9 sur 20
Statistiques - réponses
Hint Réponse % Correct
21 893 095 (2020) Pékin
90%
13 953 972 (2019) Tokyo
85%
16 787 983 (2011) Delhi
73%
9 721 000 (2020) Londres
71%
13 104 112 (2021) Moscou
71%
10 639 000 (2020) Jakarta
63%
9 209 944 (2020) Mexico
63%
10 248 385 (2023) Le Caire
56%
826 (2009) Vatican
56%
9 985 652 (2020) Séoul
50%
4 493 Saint-Marin
42%
5 248 Vaduz
31%
10 628 470 (2020) Lima
25%
4 492 Funafuti
21%
9 900 Palikir
17%
1 100 Yaren
17%
6 675 (2013) La Valette
15%
7 500 Saint-Georges
15%
13 043 Basseterre
13%
299 Melekeok
8%
Aucun quiz correspondant
Distribution des résultats
% des personnes avec chaque résultat
Percentile par nombre de réponses
Votre historique - résultats
Vous n’avez pas pris ce quiz